Football : composition PSG Bayern (0-1) 2020 - Statistiques

Statistiques générales
  • Ce quiz a été pris 1 318 fois
  • Le résultat moyen est 25 sur 32
Statistiques - réponses
équipe Poste Rôle Nationalité joueur % Correct
PSG Gardien Titulaire Costa Rice Navas
99%
PSG Ailier Titulaire France Mbappé
94%
PSG Faux 9 Titulaire Brésil Neymar
93%
PSG Milieu défensif Titulaire Brésil Marquinhos
92%
PSG Défenseur central Titulaire France Kimpembe
91%
PSG Ailier Titulaire Argentine Di Maria
89%
PSG Défenseur central Titulaire Brésil Silva
89%
Bayern Gardien Titulaire Allemagne Neuer
88%
PSG Milieu Remplaçant Italie Verratti
88%
Bayern Ailier Titulaire France Coman
87%
PSG Entraineur Entraineur Allemagne Tuchel
85%
Bayern Latéral gauche Titulaire Canada Davies
83%
PSG Latéral gauche Titulaire Espagne Bernat
82%
PSG Buteur Remplaçant Cameroun Choupo-Moting
82%
Bayern Latéral Droit Titulaire Allemagne Kimmich
82%
Bayern Buteur Titulaire Pologne Lewandowski
82%
Bayern Défenseur central Titulaire Autriche Alaba
81%
PSG Milieu offensif/Ailier Remplaçant Allemagne Draxler
81%
Bayern Milieu offensif Titulaire Allemagne Muller
81%
PSG Milieu Titulaire Argentine Paredes
78%
PSG Latéral Droit Titulaire Allemagne Kehrer
74%
Bayern Milieu Titulaire Espagne Thiago
73%
Bayern Milieu Titulaire Allemagne Goretzka
69%
Bayern Ailier Titulaire Allemagne Gnabry
67%
PSG Latéral gauche Remplaçant France Kurzawa
67%
Bayern Défenseur central Titulaire Allemagne Boateng
66%
Bayern Ailier Remplaçant Croatie Perisic
59%
Bayern Milieu Remplaçant France Tolisso
58%
Bayern Entraineur Entraineur Allemagne Flick
57%
PSG Milieu Titulaire Espagne Herrera
54%
Bayern Défenseur central Remplaçant Allemagne Sule
50%
Bayern Ailier Remplaçant Brésil Coutinho
39%
Aucun quiz correspondant
Distribution des résultats
% des personnes avec chaque résultat
Percentile par nombre de réponses
Votre historique - résultats
Vous n’avez pas pris ce quiz